| 000 | 01868nam a2200421 i 4500 | ||
|---|---|---|---|
| 001 | 000046864 | ||
| 003 | DO-SdBNP | ||
| 005 | 20231013105042.0 | ||
| 007 | ta | ||
| 008 | 180403s2015 dr 000 0 spa d | ||
| 020 | _a9789945582284 (volumen) | ||
| 020 | _z9789945443622 (serie) | ||
| 040 |
_aDO-SdBNP _bspa _cBNPHU _erda |
||
| 082 | 4 |
_a330.97293 _bC744n, 2014 _222 |
|
| 111 | 1 |
_aConcurso Biblioteca Juan Pablo Duarte (2014 : Santo Domingo) _984323 _d(2014 : _cSanto Domingo) |
|
| 245 | 0 | 0 |
_aNueva literatura económica dominicana : _bpremios del Concurso de Economía Biblioteca ¨Juan Pablo Duarte 2014¨/ _cedición José Alcántara Almánzar, Elvis Francis Soto |
| 264 |
_aSanto Domingo _bBanco Central de la República Dominicana, _c2015. |
||
| 300 |
_axvii, 339 páginas ; _c23 cm. |
||
| 336 |
_2rdacontent _atexto _btxt |
||
| 337 |
_2rdamedia _asin mediación _bn |
||
| 338 |
_2rdacarrier _avolumen _bnc |
||
| 490 | 1 |
_aBanco Central de la República Dominicana ; _v217 |
|
| 490 | 1 |
_aNueva literatura económica ; _v18 |
|
| 500 | _aIncluye referencias bibliográficas y notas al pie de las páginas | ||
| 500 | _aIncluye bibliografías | ||
| 586 | _aPremio del Concurso de Economía Biblioteca Juan Pablo Duarte 2014 | ||
| 590 | _aInventariado, 2018/BT | ||
| 650 | 4 |
_aEmpleo _zRepública Dominicana _97877 |
|
| 650 | 4 |
_aInstituciones financieras _zRepública Dominicana _96015 |
|
| 650 | 4 |
_aPobreza _zRepública Dominicana _92079 |
|
| 650 | 4 |
_aMercado laboral _zRepública Dominicana |
|
| 651 | 4 |
_aRepública Dominicana _yEmigración e inmigración _984455 |
|
| 700 | 1 |
_aAlcántara Almánzar, José, _eedición |
|
| 700 | 1 |
_aSoto, Elvis Francis, _eedición _939156 |
|
| 830 | 0 |
_aBanco Central de la República Dominicana; _n217 _pNueva literatura económica ; 218 _984324 |
|
| 910 | _aBtavárez/Validado. Control de calidad MFF | ||
| 942 |
_2ddc _cLBS1 |
||
| 999 |
_c46353 _d46353 |
||